• 首页
  • 本馆介绍
  • 公告通知
  • 最新文献
  • 馆藏检索
  • 电子资源
  • 读者导购
  • 参考咨询
  • 我的图书馆
  • 登录
  • 详细信息显示
  • 放入我的书架
  • 预约/预借图书
  • 作者相关作品
  • 分类相关作品
  • 丛书相关作品
  • 出版社相关作品

书目信息

  • 表格格式
  • 工作单格式
  • 卡片格式
题名:
平面解析几何补充教程
    
 
作者: 吴光磊 , 田畴 编
分册:  
出版信息: 北京   人民教育出版社  1966
页数: 60页
开本: 20cm
丛书名:
单 册:
中图分类: O182.1
科图分类:
主题词: 几何 , 拓扑
电子资源:
ISBN:
000 00672nam0 2200241 450
001 0653839203
005 20060817110922.32
010    @dCNY0.18
100    @a20060510d1966 km y0chiy0120 ea
101 0  @achi
102    @aCN@b110000
102    @aCN@b110000
200 1  @a平面解析几何补充教程@Aping mian jie xi ji he bu chong jiao cheng@f吴光磊,田畴编@Fwu guang lei,tian chou bian
210    @a北京@c人民教育出版社@d1966
215    @a60页@d20cm
300    @a高等学校教学参考书
606 0  @a几何
606 0  @a拓扑
690    @aO182.1@v3
701  0 @a吴光磊@Awu guang lei@4编
701  0 @a田畴@Atian chou@4编
801  0 @aCN@bPFT@c20060817
905    @a10447@dO182.1@e1
    
    平面解析几何补充教程/吴光磊,田畴编.-北京:人民教育出版社,1966
    60页;20cm
    高等学校教学参考书
    
    ISBN :CNY0.18
    
●
相关链接 在E读中查询图书 在五车中查询图书 在当当中查询图书 在豆瓣中查询图书


正题名:平面解析几何补充教程     索取号:O182.1/1         预约/预借

序号 登录号 条形码 馆藏地/架位号 状态 备注
1 0006331   202354273   密集书库/ [索取号:O182.1/1] 在馆    
2 0006332   202310445   密集书库/ [索取号:O182.1/1] 在馆    
3 0006335   202310481   密集书库/ [索取号:O182.1/1] 在馆    
4 0006336   202310490   密集书库/ [索取号:O182.1/1] 在馆    
5 0430306   204303066   密集书库/ [索取号:O182.1/1] 在馆    
6 0430307   204303075   密集书库/ [索取号:O182.1/1] 在馆    
7 0442367   204423677   密集书库/ [索取号:O182.1/1] 在馆    
8 0454090   204540906   密集书库/ [索取号:O182.1/1] 在馆    
9 0454193   204541932   密集书库/ [索取号:O182.1/1] 在馆    
10 0454304   204543048   密集书库/ [索取号:O182.1/1] 在馆    
11 0454305   204543057   密集书库/ [索取号:O182.1/1] 在馆    
12 0454306   204543066   密集书库/ [索取号:O182.1/1] 在馆    
13 0454307   204543075   密集书库/ [索取号:O182.1/1] 在馆    
14 0454308   204543084   密集书库/ [索取号:O182.1/1] 在馆    
15 0468401   204684010   密集书库/ [索取号:O182.1/1] 在馆    
唐山师范学院图书馆 欢迎您!
大连网信软件有限公司© 版权所有